Điều kiện kinh tế - Xã hội của địa bàn nghiên cứu : Báo cáo chuyên đề nghiên cứu
Сохранить в:
| Формат: | |
|---|---|
| Язык: | Undetermined |
| Опубликовано: |
Việt Nam
Chương trình Nghiên cứu Việt Nam - Hà Lan (VNRP)
1999
|
| Предметы: | |
| Метки: |
Добавить метку
Нет меток, Требуется 1-ая метка записи!
|
| Thư viện lưu trữ: | Trung tâm Học liệu Trường Đại học Cần Thơ |
|---|
| LEADER | 00644nam a2200181Ia 4500 | ||
|---|---|---|---|
| 001 | CTU_161118 | ||
| 008 | 210402s9999 xx 000 0 und d | ||
| 082 | |a 338.9 | ||
| 082 | |b Đ309 | ||
| 245 | 0 | |a Điều kiện kinh tế - Xã hội của địa bàn nghiên cứu : | |
| 245 | 0 | |b Báo cáo chuyên đề nghiên cứu | |
| 245 | 0 | |c Lê Xuân Sinh ... [et al.] | |
| 260 | |a Việt Nam | ||
| 260 | |b Chương trình Nghiên cứu Việt Nam - Hà Lan (VNRP) | ||
| 260 | |c 1999 | ||
| 650 | |a Economic conditions,Economic policy | ||
| 904 | |i Giang | ||
| 980 | |a Trung tâm Học liệu Trường Đại học Cần Thơ | ||